000 00275nam a22001097a 4500
008 160510b xxu||||| |||| 00| 0 eng d
020 _a085186595X
041 _aeng
080 _a54
245 _aChemically modified surfaces;
_cJoseph J. Pesek; Ivan E. Leigh;
942 _2udc
_cBK
999 _c1972
_d1972